000 00636nam a22002057a 4500
005 20251108164654.0
008 250721s1995 xx 000 0 ara d
082 1 4 _a523.01/شات
100 1 _aشاتزمان، ايفرى
245 1 0 _aكوننا المتمدد /
264 1 _aالقاهرة :
_bالهيئة المصرية العامة للكتاب،
_c1995.
300 _a110ص
490 0 _aالألف كتاب الثاني ؛ 171
650 1 7 _aالفيزياء الفلكية
650 1 7 _aالكون
650 1 7 _aعلم الفلك
700 1 _aمحفوظ، مدحت
_eترجمة
942 _2ddc
_cBK
999 _c11480
_d11480